LEADER 00559nab a2200145 i 4500 001 000000278947 003 CaOOAMICUS 005 20130411000000.0 008 130411n xx uu u0 0und r 013 $a30262 040 $aSeMil$bita 245 10$aMartire "essere per l'altro". - 16 p. - Titolo principale dalla prima pagina. 500 $a7 aprile 2013. 773 0 $t[2013 : Gennaio-Giugno].$dBologna : Centro Editoriale Dehoniano, 2013.$w()218071 996 $6245$aMartire "essere per l'altro". - 16 p. - Titolo principale dalla prima pagina.$9(OLS)http://semarc/title/362906 LEADER 01113nam a2200265 i 4500 001 000000121217 003 CaOOAMICUS 005 20031210000000.0 008 031210s1992 it u000 u ita u 013 $a93911 040 $aSeMil$bita 100 1 $aMellini, Gian Lorenzo.$0(OLS)http://semarc/name/45483 245 12$aI maestri dei bronzi di San Zeno /$cGian Lorenzo Mellini ; fotografie [di] Aurelio Amendola. 250 $aEd. fuori commercio. 260 $a[Verona] :$bBPV,$ccopyr. 1992. 300 $a190 p. :$briccamente ill., grafici ;$c32 cm. 500 $aContiene : Appendice. - Fondo Card. C.M. Martini. 650 4$aVerona - Chiese - Basilica di San Zeno - Porte bronzee.$0(OLS)http://semarc/subject/22901 700 1 $aAmendola, Aurelio.$0(OLS)http://semarc/name/49795 850 $aSeMil 852 $aSeMil$W1$xVenegono$y1$m5G XI 40$j76316$B76316$CSeMilBibl$Z2$F79030 $8I 941 1 $a4 961 $aOmaggio: Martini Card. Carlo Maria 996 $6245$aI maestri dei bronzi di San Zeno$9(OLS)http://semarc/title/178422 996 $6260$a[Verona] :$bBPV$9(OLS)http://semarc/publisher/46087 LEADER 00843nam a2200205 i 4500 001 000000088359 003 CaOOAMICUS 005 20030731000000.0 008 030731s1958 xx u000 u und u 013 $a60599 040 $aSeMil$bita 100 1 $aRicciotti, Giuseppe,$d<1890-1964>.$0(OLS)http://semarc/name/10747 245 14$aGli Atti degli Apostoli tradotti e commentati. 260 $aRoma :$bColetti,$c1958. 300 $a429 p. 650 4$aBibbia. Nuovo Testamento. Atti degli Apostoli - Commentari, studi, critica, interpretazioni.$0(OLS)http://semarc/subject/30 850 $aSeMil 852 $aSeMil$W1$xVenegono$y1$m130 6 *$j51664$B51664$CSeMilBibl$Z2$F55958 $81 996 $6245$aGli Atti degli Apostoli tradotti e commentati$9(OLS)http://semarc/title/134297 996 $6260$aRoma :$bColetti$9(OLS)http://semarc/publisher/31497